000 00216 a2200097 4500
001 24174
100 _aMilward, G.E
245 _aFurther applications of O & M
260 _a
_bMacdonald
_c1966
090 _c16365
_d16365
942 _aNUST-CAE
_cM
_c7075
999 _c259247
_d259247